000 00436nam a2200181Ia 4500
001 4121
005 20260306145732.0
008 260306t2013||||xx |||||||||||||| ||spa||
041 _aESP
082 _a306.85
_bM41
100 _aMelendo, Tomás
_eAUT
245 0 _aÁmbito natural de la educación:
_bla familia
260 _c2013
300 _a166 páginas :
_c23 cm.
650 _aGEN
654 _aCED
942 _cLIB
_dJUS
_fJUS
_2ddc
_n
999 _c4121
_d4121